Qui a remporté ces Molière de la comédienne ? - Statistiques

Statistiques générales
  • Ce quiz a été pris 2 fois
  • Le résultat moyen est 5 sur 25
Statistiques - réponses
Hint Extra Hint Réponse % Correct
Edwige Feuillère en scène 1993 Edwige Feuillère
100%
La Mère 2011 Catherine Hiegel
50%
Décadence 1996 Christiane Conhendy
50%
Une bête sur la Lune 2001 Corinne Jaber
50%
Avant la retraite 1990 Denise Gence
50%
La Douleur 2010
Dominique Blanc
50%
Mademoiselle Else 1999 Isabelle Carré
50%
Qui a peur de Virginia Woolf ? 1997 Myriam Boyer
50%
La Vie devant soi 2008 Myriam Boyer
50%
Gertrude 2009 Anne Alvaro
0%
Madame Marguerite 2002 Annie Girardot
0%
Dis à ma fille que je pars en voyage 2005 Christine Murillo
0%
Oscar et la Dame rose 2003 Danielle Darrieux
0%
Une maison de poupée 1998 Dominique Blanc
0%
La Dame de chez Maxim 1991 Dominique Valadié
0%
L'Hiver sous la table 2004 Isabelle Carré
0%
Le récit de la servante Zerline 1988 Jeanne Moreau
0%
Shirley 2000 Judith Magre
0%
Histoires d'hommes 2006 Judith Magre
0%
Célimène et le cardinal 1992 Ludmila Mikaël
0%
Hécube 1989 Maria Casarès
0%
Le retour au désert 2007 Martine Chevalier
0%
Léopold le bien aimé 1987 Suzanne Flon
0%
La chambre d'amis 1995 Suzanne Flon
0%
Les Chaises 1994 Tsilla Chelton
0%
Aucun quiz correspondant
Distribution des résultats
% des personnes avec chaque résultat
Percentile par nombre de réponses
Votre historique - résultats
Vous n’avez pas pris ce quiz